| 000 | 02106cam a22005534i 4500 | ||
|---|---|---|---|
| 003 | PE-LiUPU | ||
| 005 | 20250731180057.0 | ||
| 008 | 150617s r 000 0 d | ||
| 020 | _a9681834011 | ||
| 035 | _a(Sirsi) i9789681834012 | ||
| 040 |
_aPE-LiUPU _bspa _cPE-LiUPU _erda |
||
| 049 | _aPRUA | ||
| 082 | 0 | 4 |
_a547.13434 _bK31 _221 |
| 245 | 0 | 0 | _aMétodos de laboratorio para química orgánica. |
| 264 | 1 |
_aMéxico : _bLimusa, _c1990. |
|
| 300 |
_a183 páginas ; _c23 centímetros |
||
| 336 |
_atext _2rdacontent |
||
| 337 |
_aunmediated _2rdamedia |
||
| 338 |
_avolume _2rdacarrier |
||
| 505 | 0 | _aPrevención de accidentes y primeros auxilios -- Cristalización -- Destilación -- Métodos cromatográficos -- Extracción y aislamiento -- Determinación de la estructura por medio de métodos espectroscópicos -- Uso de la bibliografía especializada en química -- La libertad de notas en el laboratorio -- Redacción de un informe -- Recomendaciones para la síntesis de compuestos orgánicos -- Algunas recomendaciones para el manejo de substancias sensibles al aire y el agua -- Recomendaciones para la síntesis de compuestos marcados isotópicamente -- Manejo de desechos y destrucción de substancias peligrosas -- Purificación y secado de disolventes. | |
| 526 | _aSEG44 | ||
| 526 | _aSEG26 | ||
| 526 | _aP159 | ||
| 526 | _aP155 | ||
| 526 | _aP154 | ||
| 526 | _aP153 | ||
| 526 | _aP150 | ||
| 526 | _aP100 | ||
| 526 | _aP31 | ||
| 526 | _aP30 | ||
| 526 | _aP26 | ||
| 526 | _aP25 | ||
| 526 | _aP24 | ||
| 526 | _aP22 | ||
| 526 | _aP15 | ||
| 526 | _aP10 | ||
| 650 | 0 | 4 |
_aQUIMICA ORGANICA _xEXPERIMENTOS. |
| 650 | 0 | 4 |
_aQUIMICA ORGANICA _xLABORATORIO. |
| 700 |
_aKeese, R., _eeditor. _96129 |
||
| 700 |
_aMüller, R. K., _eeditor. _96130 |
||
| 700 |
_aToube T. P., _eeditor. _96131 |
||
| 700 |
_aGallegos G, Rosa Mireya. _etraductor. _96132 |
||
| 700 |
_aGarcía Argáez, Aída Nelly. _erevisión. _96133 |
||
| 942 |
_2ddc _cBK |
||
| 999 |
_c10598 _d10598 |
||
| 980 |
_81 _gALBERTO SANCHEZ Responsable de Automatización |
||